Le corbusier's villa shodhan (Record no. 36202)
[ view plain ]
| 000 -LEADER | |
|---|---|
| fixed length control field | 00663nam a2200217Ia 4500 |
| 003 - CONTROL NUMBER IDENTIFIER | |
| control field | OSt |
| 005 - DATE AND TIME OF LATEST TRANSACTION | |
| control field | 20220919114401.0 |
| 008 - FIXED-LENGTH DATA ELEMENTS--GENERAL INFORMATION | |
| fixed length control field | 161214s9999 xx 000 0 und d |
| 020 ## - INTERNATIONAL STANDARD BOOK NUMBER | |
| International Standard Book Number | 9789353006061 |
| Printed Price | 3000.00 |
| 040 ## - CATALOGING SOURCE | |
| Transcribing agency | sage library |
| 082 ## - DEWEY DECIMAL CLASSIFICATION NUMBER | |
| Edition number | 23 |
| Classification number | 728.80954 |
| Item number | BAS |
| 100 ## - MAIN ENTRY--PERSONAL NAME | |
| Personal name | Basu, Manisha Shodhan |
| 245 #0 - TITLE STATEMENT | |
| Title | Le corbusier's villa shodhan |
| 260 ## - PUBLICATION, DISTRIBUTION, ETC. | |
| Name of publisher, distributor, etc. | MSB Publisher |
| Date of publication, distribution, etc. | 2008 |
| 300 ## - PHYSICAL DESCRIPTION | |
| Extent | 115 p.; |
| Other physical details | col. ill.: |
| Dimensions | 29 cm. |
| 650 ## - SUBJECT ADDED ENTRY--TOPICAL TERM | |
| Topical term or geographic name entry element | Ahmadabad (India) -- Buildings, structures, etc. |
| 650 ## - SUBJECT ADDED ENTRY--TOPICAL TERM | |
| Topical term or geographic name entry element | Architecture, Domestic -- India -- Ahmadabad |
| 650 ## - SUBJECT ADDED ENTRY--TOPICAL TERM | |
| Topical term or geographic name entry element | Le Corbusier, 1887-1965 |
| 650 ## - SUBJECT ADDED ENTRY--TOPICAL TERM | |
| Topical term or geographic name entry element | Shodhan House (Ahmadabad, India) |
| 942 ## - ADDED ENTRY ELEMENTS (KOHA) | |
| Source of classification or shelving scheme | Dewey Decimal Classification |
| Koha item type | Reference |
| Withdrawn status | Lost status | Source of classification or shelving scheme | Damaged status | Not for loan | Home library | Current library | Shelving location | Date acquired | Source of acquisition | Cost, normal purchase price | Inventory number | Total Checkouts | Full call number | Barcode | Date last seen | Cost, replacement price | Price effective from | Koha item type |
|---|---|---|---|---|---|---|---|---|---|---|---|---|---|---|---|---|---|---|
| Dewey Decimal Classification | Institute of Architecture | Institute of Architecture | IIIrd Floor Book Shelves 42 | 2022-09-19 | COA | 3000.00 | Arch.Book_01/2022-23/00220 | 728.80954 BAS | SA389 | 2026-01-27 | 3000.00 | 2022-09-19 | Reference |